NATIONAL HEALTH PROGRAMS OF INDIA (Record no. 25112)

MARC details
000 -LEADER
fixed length control field 00405nam a22001697a 4500
003 - CONTROL NUMBER IDENTIFIER
control field SGT
020 ## - INTERNATIONAL STANDARD BOOK NUMBER
International Standard Book Number 9788195001668
082 ## - DEWEY DECIMAL CLASSIFICATION NUMBER
Classification number 614
Item number N22K
100 ## - MAIN ENTRY--PERSONAL NAME
Personal name KISHORE, J.
245 ## - TITLE STATEMENT
Title NATIONAL HEALTH PROGRAMS OF INDIA
250 ## - EDITION STATEMENT
Edition statement 14TH
260 ## - PUBLICATION, DISTRIBUTION, ETC. (IMPRINT)
Place of publication, distribution, etc INDIA
Name of publisher, distributor, etc CENTURY PUB
Year of Publication 2022
300 ## - PAGE DESCRIPTION
No. of Pages 1038
650 ## - SUBJECT ADDED ENTRY--TOPICAL TERM
Topical term or geographic name as entry element COMMUNITY MEDICINE
653 ## - KEYWORDS--INDEX TERM
Keyword term NATIONAL HEALTH PROGRAMS OF INDIA
942 ## - ADDED ENTRY ELEMENTS (KOHA)
Source of classification or shelving scheme Dewey Decimal Classification
Koha item type Books
942 ## - ADDED ENTRY ELEMENTS (KOHA)
-- 17
Holdings
Withdrawn status Lost status Source of classification or shelving scheme Damaged status Not for loan Collection code Home library Current library Shelving location Date acquired Vendor Name Cost, normal purchase price SGTU Bill Number Full call number Accession No. (Barcode) Date last seen Bill Date Koha item type Total Checkouts Date last borrowed
    Dewey Decimal Classification   Not For Loan MEDICAL SGT Medical Library SGT Medical Library Reference Book 30/09/2023 ABC DELHI 1100.00 SGTU 17259 614 N22K FM13865 30/09/2023 18/08/2023 Books    
    Dewey Decimal Classification     MEDICAL SGT Medical Library SGT Medical Library Text Book 30/09/2023 ABC DELHI 1100.00 SGTU 17259 614 N22K FM13866 26/03/2025 18/08/2023 Books 17 24/03/2025